000 00472nam a2200157 i 4500
001 bg
245 0 _aHistoria dyplomacji od 1945 r.
_nT.5.
_nCz.1 /
_cpod red. M. A. Charłamowa i W. S. Siemionowa ; oprac. A.S. Anikin [et al.].
260 _aWarszawa :
_bKsiążka i Wiedza,
_c1980.
700 1 _aCHARLAMOV, M. A.
700 1 _aSIEMIONOV, V. S.
700 1 _aANIKIN, A. S.
040 _cBPK
041 _apol
942 _cKS
008 s pl f |000 0 pol
999 _c19545
_d19545
856 _uhttp://koha.tu.koszalin.pl/cgi-bin/koha/opac-detail.pl?biblionumber=19545
_yKatalog online BPK